000 00447nmm a2200157Ia 4500
008 251105s9999||||xx |||||||||||||||||und||
041 _aspa
100 _aAsimov, Isaac
245 0 _aHacia la Fundación
264 _a[Madrid, España] :
_bLa Factoría de Ideas,
_c2012
300 _a0 páginas
490 _aSolaris ficción
650 _aScience fiction & Fantasy
856 _uhttps://public.digitaliapublishing.com/a/25205
942 _cCF
999 _c100734
_d100734